000 00845nam a2200157Ia 4500
008 231217s9999 xx 000 0 und d
041 _aEnglish
082 _a001.424 SHA;18 R
100 _aSharma, S D.
245 0 _aOperations research for honours, post graduate degree and diploma courses of statistics, mathematics, engineering, business management, operational management, marketing and sales management, computer science, commerce, economics, C.A, ICWA, ISI, MBA, IIS
250 _a13th ed.
260 _c2001
_bKedarnath, Ramnath
_aMeerut
300 _axxiv, 1206
650 _aOperations,honours,,graduate,degree,diploma,courses,statistics,,mathematics,,engineering,,business,management,,operational,management,,marketing,sales,management,,computer,science,,commerce,,economics,,C.A,,ICWA,,ISI,,MBA,,IISC,,civil,IAS
942 _cAA
999 _c194600
_d194600